General Knowledge Quiz #164 - Statistics

General Stats
  • This quiz has been taken 73,511 times
    47,576 since last reset
  • The average score is 11 of 20
Answer Stats
Question Answer % Correct
What country is home to 6 of the world's 12 most venomous snake species? Australia
89%
What "phobia" is a fear of small enclosed spaces? {Claustro}phobia
86%
What is the English translation of the French phrase "Joyeux Noël"? Merry Christmas
79%
What are the clogs, aka "klompen", of the Netherlands traditionally made of? Wood
78%
In what city did the Cockney accent originate? London
77%
What is the most populous city in Scandinavia? Stockholm
74%
What was Cleopatra's first language? Greek
62%
What "pleasant" city is the most populous on the French Riviera? Nice
62%
Who starred as Conan in "Conan the Barbarian"? Arnold Schwarzenegger
54%
What element has the symbol Hg? Mercury
54%
What invention has been described as a "boob tube" and "idiot box"? Television
53%
What "fruit company" did Forrest Gump get rich by investing in? Apple
50%
Who was born in Gary, Indiana in 1958 and died in Los Angeles in 2009? Michael Jackson
50%
What is the geographical term for a ring-shaped island made of coral? Atoll
42%
What type of number represents the square root of a negative number? {Imaginary} number
41%
Who allied with Crassus and Pompey to form the “First Triumvirate”? Julius Caesar
40%
Near what city would you find Calvary Hill, also known as Golgotha? Jerusalem
39%
In what country did Steve McQueen, Leon Trotsky, and the emperor Maximilian meet their end? Mexico
39%
What medical disorder is formally known as “Coalworker's pneumoconiosis”? Black lung
36%
What can a person "use" if they have a high level of midichlorians in their body? The Force
34%
No matching quizzes found
Score Distribution
Percent of People with Each Score
Percentile by Number Answered
Your Score History
You have not taken this quiz since the last reset